00842nam a2200205 a 450000100100000000500170001000800410002704000250006808200180009310000270011124500420013826000450018030000210022559000750024665000310032165000350035291000370038795201950042499900170061900003531220200930074241.0111027s1971 xxu 000 f spa d aDO-SdBNPbspacBNPHU a813.54bD637b1 aDoctorow, E. L.96108210aThe book of Daniel /cE. L. Doctorow. aNew York :bNew American Library,c1971. a319 p. ;c18 cm. aPerteneció a la biblioteca personal de Juan Isidro Jimenes Grullón 4aNovela estadounidense9262 4aLiteratura estadounidense9263 aValidado. Control de calidad MFF 001052708MOaGRbGRcHDd2011-10-27iLF1l0o813.54 D637bp35312-10r2020-06-25w2020-06-25y2zPerteneció a la biblioteca personal de Juan Isidro Jimenes- GrullónZPréstamo interno c34803d34803